The financial and economic policies of president Ioannis Capodistrias : 1828 - 1831

Αποθηκεύτηκε σε:
Λεπτομέρειες βιβλιογραφικής εγγραφής
Κύριος συγγραφέας: Λουλές, Δημήτρης
Μορφή: Βιβλίο
Γλώσσα:English
Δημοσίευση: Ioannina : Πανεπιστήμιο Ιωαννίνων - Φιλοσοφική Σχολή, 1985
Θέματα:
Ετικέτες: Προσθήκη ετικέτας
Δεν υπάρχουν, Καταχωρήστε ετικέτα πρώτοι!

MARC

LEADER 00000nam a2200000 i 4500
001 1/26090
008 960724s1985 eng d
035 |l 10022607 
040 |a GR-MY-UA  |b gre  |e aacr 
041 0 |a eng 
082 0 |a 338.9495 
100 1 |a Λουλές, Δημήτρης. 
245 1 4 |a The financial and economic policies of president Ioannis Capodistrias :  |b 1828 - 1831 /  |c Dimitris Loules 
260 |a Ioannina :   |b Πανεπιστήμιο Ιωαννίνων - Φιλοσοφική Σχολή,   |c 1985 
300 |a 228 p. 
500 |a Includes index 
600 1 0 |a Καποδίστριας, Ιωάννης Α.,   |d 1776-1831. 
650 0 0 |a Fiscal policy  |z Greece  |x History. 
651 0 |a Greece  |x Economic policy. 
651 0 |a Greece  |x Economic conditions. 
852 |a INST  |b CHIOS  |e 19960724  |h 338.9495 ΛΟΥ  |p 005200008754  |q 005200008754  |t BK  |y 0 
909 |a Χ  |b 045888